Finančné rozhodovanie podniku a náklady kapitálu bakalárska práca

Salvato in:
Dettagli Bibliografici
Autore principale: Maršál, Patrik
Ente Autore: Fakulta podnikového manažmentu EU. Katedra podnikových financií
Altri autori: Markovič, Peter, 1974-
Natura: Libro
Lingua:slovacco
Pubblicazione: Bratislava 2024
Tags: Aggiungi Tag
Nessun Tag, puoi essere il primo ad aggiungerne!!

MARC

LEADER 00000nbm a2200000 4500
001 0301866
005 20250224110946.7
041 0 |a slo 
044 |a SK 
245 1 0 |a Finančné rozhodovanie podniku a náklady kapitálu  |b bakalárska práca  |c Patrik Maršál ; školiteľ: Peter Markovič 
264 1 |a Bratislava  |c 2024 
300 |a 53 s. 
100 1 |a Maršál, Patrik 
700 1 |a Markovič, Peter, 1974- 
710 2 |a Fakulta podnikového manažmentu EU. Katedra podnikových financií